[Event "BL 0203 TV Tegernsee - Erfurter SK"]
[Site "?"]
[Date "2003.03.08"]
[Round "12.1"]
[White "Haba, Petr"]
[Black "Khenkin, Igor"]
[Result "1-0"]
[WhiteElo "2534"]
[BlackElo "2603"]
[PlyCount "143"]
[EventDate "2003.??.??"]

1. d4 d5 2. c4 c6 3. Nf3 e6 4. Nbd2 Nf6 5. g3 c5 6. Bg2 Nc6 7. O-O Be7 8. cxd5
exd5 9. dxc5 Bxc5 10. Nb3 Bb6 11. Qd3 O-O 12. Be3 Bxe3 13. Qxe3 Re8 14. Qd3 Qb6
15. e3 Bg4 16. Nfd4 Rac8 17. Rfc1 Nb4 18. Qb5 Qxb5 19. Nxb5 Nd3 20. Rxc8 Rxc8
21. N3d4 a6 22. Nc3 Be6 23. Nd1 Ne4 24. Bf1 Ne5 25. f3 Nd6 26. Kf2 Kf8 27. Be2
h5 28. Ke1 Ke7 29. a4 Nc6 30. Nc3 Nxd4 31. exd4 Nc4 32. Nd1 Kd6 33. Rc1 Bd7 34.
Bxc4 Rxc4 35. Rxc4 dxc4 36. Nc3 b5 37. axb5 axb5 38. Kd2 Bc6 39. Ke3 b4 40. Na2
c3 41. b3 Bd5 42. Nxb4 Bxb3 43. Kd3 g5 44. Nc2 Bd5 45. f4 gxf4 46. gxf4 Bf3 47.
Ne3 f6 48. Kxc3 Bb7 49. Nf5+ Kd5 50. h4 Ba6 51. Ng3 Bb5 52. f5 Be8 53. Kd3 Kd6
54. Ne4+ Ke7 55. d5 Ba4 56. d6+ Kf7 57. Nc5 Bc6 58. Kd4 Ke8 59. Ne6 Kd7 60. Kc5
Be4 61. Nf4 Bxf5 62. Nxh5 Bc2 63. Nxf6+ Ke6 64. Nd5 Ba4 65. h5 Bd7 66. h6 Kf7
67. Ne7 Be8 68. Kb6 Bd7 69. Kc7 Bh3 70. d7 Bxd7 71. Kxd7 Kf6 72. Ke8 1-0

[Event "BL 0203 TV Tegernsee - Erfurter SK"]
[Site "?"]
[Date "2003.03.08"]
[Round "12.3"]
[White "Casper, Thomas"]
[Black "Beim, Valery"]
[Result "1-0"]
[WhiteElo "2391"]
[BlackElo "2555"]
[PlyCount "81"]
[EventDate "2003.??.??"]

1. e4 d6 2. d4 Nf6 3. Nc3 g6 4. g3 Bg7 5. Bg2 O-O 6. Nge2 e5 7. O-O c6 8. a4 a5
9. h3 Na6 10. Be3 Nb4 11. Qd2 Be6 12. Rad1 Bc4 13. Rfe1 Qc7 14. Nc1 Rfe8 15. b3
Ba6 16. Nb1 Nh5 17. Na3 exd4 18. Bxd4 Bxd4 19. Qxd4 Rad8 20. c3 c5 21. Qd2 Nc6
22. Nb5 Bxb5 23. axb5 Ne7 24. c4 Ng7 25. Re3 Ne6 26. Ne2 Ra8 27. Kh2 Nc8 28. f4
a4 29. Qc2 axb3 30. Qxb3 Qa5 31. e5 dxe5 32. Bxb7 exf4 33. Nxf4 Ra7 34. Bxc8
Rxc8 35. Nxe6 fxe6 36. Rxe6 Qa2+ 37. Qxa2 Rxa2+ 38. Kg1 Rc2 39. Re7 Rxc4 40. b6
Rb4 41. b7 1-0

[Event "BL 0203 TV Tegernsee - Erfurter SK"]
[Site "?"]
[Date "2003.03.08"]
[Round "12.4"]
[White "Boensch, Uwe"]
[Black "Paehtz, Thomas"]
[Result "1/2-1/2"]
[WhiteElo "2540"]
[BlackElo "2459"]
[PlyCount "79"]
[EventDate "2003.??.??"]

1. d4 Nf6 2. c4 c5 3. e3 g6 4. Nf3 Bg7 5. Be2 O-O 6. O-O cxd4 7. Nxd4 Nc6 8.
Nc3 d6 9. b3 Bd7 10. Bb2 a6 11. Bf3 Qa5 12. Qd2 Rfc8 13. Rfd1 Rab8 14. Nxc6
Bxc6 15. Bxc6 Rxc6 16. h3 b5 17. cxb5 axb5 18. Qd3 b4 19. Na4 Ne8 20. Bxg7 Nxg7
21. Rac1 Qc7 22. Qd2 Ne6 23. Rxc6 Qxc6 24. Rc1 Qb5 25. Rc2 Nc5 26. Nxc5 dxc5
27. Qd5 Rc8 28. Rd2 Qc6 29. Qc4 Qf6 30. f4 h5 31. Kh2 h4 32. Rd7 e5 33. Rd5
exf4 34. exf4 Kg7 35. Qe4 Rc6 36. Re5 Qd6 37. Re8 Qf6 38. Re5 Qd6 39. Re8 Qf6
40. Re5 1/2-1/2

[Event "BL 0203 TV Tegernsee - Erfurter SK"]
[Site "?"]
[Date "2003.03.08"]
[Round "12.5"]
[White "Mueller, Matthias"]
[Black "Teske, Henrik"]
[Result "1/2-1/2"]
[WhiteElo "2403"]
[BlackElo "2527"]
[PlyCount "24"]
[EventDate "2003.??.??"]

1. e4 c5 2. Nf3 Nc6 3. d4 cxd4 4. Nxd4 g6 5. c4 Nf6 6. Nc3 d6 7. Be2 Nxd4 8.
Qxd4 Bg7 9. Be3 O-O 10. Qd2 Ng4 11. Bxg4 Bxg4 12. Bd4 Qa5 1/2-1/2

[Event "BL 0203 TV Tegernsee - Erfurter SK"]
[Site "?"]
[Date "2003.03.08"]
[Round "12.6"]
[White "Hertneck, Gerald"]
[Black "Enders, Peter"]
[Result "1-0"]
[WhiteElo "2502"]
[BlackElo "2524"]
[PlyCount "65"]
[EventDate "2003.??.??"]

1. Nf3 Nf6 2. c4 e6 3. Nc3 b6 4. g3 Bb7 5. Bg2 Be7 6. d4 Ne4 7. Bd2 O-O 8. Rc1
d5 9. cxd5 exd5 10. O-O Na6 11. Ne5 c5 12. Be3 Re8 13. Bxe4 dxe4 14. Qb3 Rf8
15. Rfd1 Qc8 16. d5 Qf5 17. Nc6 Bf6 18. Nb5 Bxc6 19. dxc6 Qc8 20. Qa4 Nb4 21.
a3 Nxc6 22. Nd6 Qc7 23. b4 a6 24. bxc5 b5 25. Qxe4 Bb2 26. Rb1 Bxa3 27. Rd3 b4
28. Bf4 Na5 29. Nf5 Qxc5 30. Rd5 Qb6 31. Ne7+ Kh8 32. Rh5 h6 33. Rxh6+ 1-0

[Event "BL 0203 TV Tegernsee - Erfurter SK"]
[Site "?"]
[Date "2003.03.08"]
[Round "12.7"]
[White "Brueggemann, Joachim"]
[Black "Stangl, Markus"]
[Result "1/2-1/2"]
[WhiteElo "2412"]
[BlackElo "2494"]
[PlyCount "114"]
[EventDate "2003.??.??"]

1. e4 c5 2. Nf3 e6 3. d4 cxd4 4. Nxd4 a6 5. Bd3 Nf6 6. Nc3 d6 7. O-O b5 8. Re1
Be7 9. a4 b4 10. Na2 a5 11. c3 bxc3 12. Bb5+ Nfd7 13. Nxc3 O-O 14. Nf3 Bb7 15.
Bf4 Nc5 16. e5 dxe5 17. Nxe5 Qxd1 18. Raxd1 Rd8 19. Nc4 Nc6 20. Bc7 Rdc8 21.
Bd6 Bxd6 22. Rxd6 Rc7 23. Red1 Kf8 24. Nb6 Rb8 25. Rd7 Nxd7 26. Nxd7+ Rxd7 27.
Rxd7 Nb4 28. Rc7 Ba6 29. Kf1 Bb7 30. f3 h6 31. Ke2 g5 32. g3 Nc2 33. Rd7 f5 34.
f4 Bh1 35. Rh7 Kg8 36. Rxh6 gxf4 37. gxf4 Kg7 38. Rh3 Kf6 39. Kf2 e5 40. Rh6+
Kg7 41. Rh5 Kg6 42. Rg5+ Kf6 43. Rg1 Ba8 44. fxe5+ Kxe5 45. h3 Rh8 46. Bf1 Rh4
47. Rg8 Bc6 48. Rc8 Rf4+ 49. Kg1 Ne3 50. Be2 Kd6 51. Nb5+ Bxb5 52. axb5 Rb4 53.
Kf2 f4 54. Rd8+ Ke5 55. Re8+ Kd6 56. Ra8 Rxb2 57. Rxa5 Nf5 1/2-1/2

[Event "BL 0203 TV Tegernsee - Erfurter SK"]
[Site "?"]
[Date "2003.03.08"]
[Round "12.8"]
[White "Bromberger, Stefan"]
[Black "Voekler, Bernd"]
[Result "1-0"]
[WhiteElo "2414"]
[BlackElo "2382"]
[PlyCount "131"]
[EventDate "2003.??.??"]

1. d4 Nf6 2. c4 g6 3. Nc3 Bg7 4. e4 d6 5. Nf3 O-O 6. Be2 e5 7. O-O Nc6 8. d5
Ne7 9. Ne1 Ne8 10. Be3 f5 11. f3 f4 12. Bf2 g5 13. c5 Rf6 14. cxd6 cxd6 15. Nb5
a6 16. Na7 Bd7 17. Qb3 Qb8 18. Qb6 h5 19. Kh1 g4 20. Bg1 Rg6 21. Rc1 Bf6 22.
Rc3 Nc8 23. Nxc8 Bxc8 24. Rb3 Bh4 25. Nd3 Rg7 26. Rc1 gxf3 27. Bxf3 Bg4 28.
Rbc3 Kh7 29. R1c2 Bxf3 30. gxf3 Bd8 31. Qf2 Bf6 32. Qf1 Qd8 33. Qh3 Kh6 34. Nf2
Bh4 35. Rc8 Rxc8 36. Qxc8 Bxf2 37. Bxf2 Qg5 38. Qh3 Qg6 39. Rc1 Qf7 40. Bb6 Qd7
41. Qxd7 Rxd7 42. Rc8 Nf6 43. Kg2 Rg7+ 44. Kf1 Rd7 45. a4 Kg7 46. Kg2 Kg6 47.
Kh3 Kh6 48. b4 Nh7 49. Kg2 Ng5 50. Rh8+ Kg6 51. b5 axb5 52. axb5 Nf7 53. Rc8
Nh6 54. Bc7 b6 55. Bxb6 Rb7 56. Rc6 Nf7 57. h4 Kf6 58. Kf1 Ke7 59. Ke2 Kd7 60.
Kd3 Nh8 61. Kc4 Ng6 62. Bc5 Nxh4 63. Rxd6+ Ke8 64. b6 Nxf3 65. Kb5 Nd2 66. Kc6
1-0

[Event "BL 0203 SG Köln Porz - SV Wattenscheid"]
[Site "?"]
[Date "2003.03.15"]
[Round "13.1"]
[White "Aronian, Levon"]
[Black "Lutz, Christopher"]
[Result "1-0"]
[WhiteElo "2581"]
[BlackElo "2645"]
[PlyCount "89"]
[EventDate "2003.??.??"]

1. d4 Nf6 2. Nf3 e6 3. g3 d5 4. Bg2 Be7 5. O-O O-O 6. c4 dxc4 7. Qc2 a6 8. a4
Bd7 9. Qxc4 Bc6 10. Bg5 Bd5 11. Qc2 Be4 12. Qd1 c5 13. dxc5 Bxc5 14. Nbd2 Bc6
15. Nb3 Be7 16. Qxd8 Rxd8 17. Na5 Bd5 18. Ne5 Bxg2 19. Kxg2 Nbd7 20. Nd3 e5 21.
Bxf6 Nxf6 22. Nxe5 Rd2 23. Nd3 b6 24. Nc4 Rxe2 25. Nxb6 Rd8 26. Rae1 Rc2 27.
Rxe7 Rxd3 28. Rfe1 h5 29. R7e2 Rc6 30. a5 Rc5 31. Re5 Rxe5 32. Rxe5 Rd2 33. Nc4
Rc2 34. b3 Ng4 35. Rf5 g6 36. Rf4 f5 37. h3 Nf6 38. Ne5 Kg7 39. Rc4 Ra2 40.
Rc7+ Kg8 41. b4 g5 42. Nd3 Ne4 43. Kf3 Ra3 44. Ke3 Nc3 45. Rc5 1-0

[Event "BL 0203 SG Köln Porz - SV Wattenscheid"]
[Site "?"]
[Date "2003.03.15"]
[Round "13.2"]
[White "Sokolov, Ivan"]
[Black "Rustemov, Alexander"]
[Result "0-1"]
[WhiteElo "2684"]
[BlackElo "2597"]
[PlyCount "80"]
[EventDate "2003.??.??"]

1. d4 d5 2. c4 c6 3. Nf3 Nf6 4. Nc3 a6 5. e3 b5 6. b3 Bg4 7. Be2 e6 8. O-O Nbd7
9. h3 Bh5 10. Bb2 Bd6 11. Ne5 Bxe2 12. Nxe2 Qc7 13. cxd5 cxd5 14. Rc1 Qb8 15.
Nxd7 Kxd7 16. f3 Qb7 17. e4 dxe4 18. d5 Qxd5 19. fxe4 Qxd1 20. Rcxd1 Nxe4 21.
Rxf7+ Kc6 22. Nd4+ Kb6 23. Nxe6 Rhe8 24. Bd4+ Ka5 25. Nxg7 Rf8 26. Rb7 Kb4 27.
Re1 Rac8 28. Ne6 Bg3 29. Rd1 Rf5 30. Rxh7 Rd5 31. Re7 Ka3 32. b4 Rc4 33. Rf7
Kxb4 34. Rf3 Ka4 35. h4 b4 36. Rfd3 Nf2 37. Rxg3 Nxd1 38. Bg7 Rxh4 39. Rg6 a5
40. Bf8 Rc4 0-1

[Event "BL 0203 SG Köln Porz - SV Wattenscheid"]
[Site "?"]
[Date "2003.03.15"]
[Round "13.3"]
[White "De Vreugt, Dennis"]
[Black "Andersson, Ulf"]
[Result "1/2-1/2"]
[WhiteElo "2501"]
[BlackElo "2599"]
[PlyCount "47"]
[EventDate "2003.??.??"]

1. e4 c5 2. Nf3 e6 3. d4 cxd4 4. Nxd4 Nc6 5. Nc3 a6 6. Nxc6 bxc6 7. Bd3 d5 8.
O-O Nf6 9. Re1 Bb7 10. Qf3 Be7 11. Qg3 g6 12. Bh6 Bf8 13. Qh3 Bxh6 14. Qxh6 Ng4
15. Qf4 Nf6 16. Na4 O-O 17. Nc5 Bc8 18. Rad1 Nd7 19. Nxd7 Bxd7 20. h4 Qb8 21.
e5 f6 22. Qh6 Be8 23. h5 Ra7 24. exf6 1/2-1/2

[Event "BL 0203 SG Köln Porz - SV Wattenscheid"]
[Site "?"]
[Date "2003.03.15"]
[Round "13.4"]
[White "Gurevich, Mikhail"]
[Black "Appel, Ralf"]
[Result "0-1"]
[WhiteElo "2634"]
[BlackElo "2503"]
[PlyCount "98"]
[EventDate "2003.??.??"]

1. c4 c5 2. g3 g6 3. Bg2 Bg7 4. Nc3 Nc6 5. a3 Nf6 6. Rb1 a5 7. e3 d6 8. Nge2
Bf5 9. d3 Ne5 10. e4 Bg4 11. h3 Bf3 12. O-O Nfd7 13. Bf4 O-O 14. Qd2 f5 15. Qe3
fxe4 16. Nxe4 Bxg2 17. Kxg2 Qb6 18. Bxe5 Nxe5 19. f4 Nf7 20. N4c3 Qc6+ 21. Kh2
Rae8 22. Qe6 Kh8 23. b4 axb4 24. axb4 cxb4 25. Nd5 b3 26. Rxb3 Ng5 27. Qg4 e6
28. Rb6 Qc5 29. Rb5 Qa3 30. Nb4 Nf7 31. Qf3 Ne5 32. Qxb7 d5 33. cxd5 Qb2 34.
Rf2 Nf3+ 35. Kg2 Ne1+ 36. Kg1 exd5 37. Nxd5 Qd2 38. Ndc3 Bxc3 39. Nxc3 Qxc3 40.
Rb3 Qd4 41. Qb6 Nf3+ 42. Kg2 Qxb6 43. Rxb6 Ne1+ 44. Kf1 Nxd3 45. Re2 Kg8 46.
Rb5 Rb8 47. Rd5 Rxf4+ 48. Kg2 Nb4 49. Rd7 Rff8 0-1

[Event "BL 0203 SG Köln Porz - SV Wattenscheid"]
[Site "?"]
[Date "2003.03.15"]
[Round "13.5"]
[White "Handke, Florian"]
[Black "Hansen, Curt"]
[Result "0-1"]
[WhiteElo "2504"]
[BlackElo "2610"]
[PlyCount "104"]
[EventDate "2003.??.??"]

1. e4 c5 2. Nf3 Nc6 3. d4 cxd4 4. Nxd4 g6 5. c4 Bg7 6. Be3 Nf6 7. Nc3 O-O 8.
Be2 d6 9. O-O Bd7 10. f3 Qb6 11. c5 dxc5 12. Nb3 Rfd8 13. Bxc5 Qc7 14. Qe1 Be6
15. Be3 Bxb3 16. axb3 e6 17. Qf2 Qe7 18. Bc5 Qc7 19. Be3 Qe7 {(=)} 20. Kh1 Ne8
21. Ra4 Nc7 22. f4 Rd7 23. e5 Nd5 24. Bc5 Qd8 25. Ne4 a6 26. Bd6 b5 27. Raa1
Bf8 28. Rfe1 Bxd6 29. Nxd6 Na5 30. Qg3 Nb7 31. Ne4 Rc8 32. Bf3 Rc1 33. Rexc1
Qb6 34. Nf6+ Nxf6 35. exf6 Nd6 36. Qg5 Qd8 37. h4 Ne8 38. h5 Nxf6 39. h6 Nd5
40. Bxd5 Rxd5 41. Qxd8+ Rxd8 42. g4 Kf8 43. Kg2 Ke7 44. g5 e5 45. Kf3 exf4 46.
Kxf4 Rd5 47. Rc6 a5 48. Ra6 b4 49. Ra7+ Ke6 50. Ra6+ Rd6 51. Ra7 Rd4+ 52. Ke3
Rd7 0-1

[Event "BL 0203 SG Köln Porz - SV Wattenscheid"]
[Site "?"]
[Date "2003.03.15"]
[Round "13.6"]
[White "Graf, Alexander"]
[Black "Holzke, Frank"]
[Result "1-0"]
[WhiteElo "2635"]
[BlackElo "2479"]
[PlyCount "81"]
[EventDate "2003.??.??"]

1. Nf3 Nf6 2. c4 c5 3. d4 cxd4 4. Nxd4 Nc6 5. Nc3 e6 6. Bg5 h6 7. Bh4 Be7 8. e3
O-O 9. Be2 Nxd4 10. Qxd4 d5 11. cxd5 Nxd5 12. Bxe7 Nxe7 13. O-O-O Qa5 14. Bf3
Nc6 15. Qa4 Qxa4 16. Nxa4 Ne5 17. Be4 Ng4 18. Rd2 Nf6 19. Bf3 Rb8 20. Rc2 e5
21. Rc5 e4 22. Bd1 b5 23. Nc3 b4 24. Nd5 Nxd5 25. Rxd5 Be6 26. Rd4 Rbc8+ 27.
Kd2 Bxa2 28. Bc2 Bc4 29. Bxe4 a5 30. Ra1 Rcd8 31. Rxa5 Rfe8 32. Bf3 Rc8 33. Ra4
Bb3 34. Raxb4 Rc2+ 35. Ke1 Rc1+ 36. Kd2 Rc2+ 37. Ke1 Rc1+ 38. Bd1 Bxd1 39. Rxd1
Rc2 40. Rd2 Rec8 41. Rbd4 1-0

[Event "BL 0203 SG Köln Porz - SV Wattenscheid"]
[Site "?"]
[Date "2003.03.15"]
[Round "13.7"]
[White "Dinstuhl, Volkmar"]
[Black "Van den Doel, Erik"]
[Result "0-1"]
[WhiteElo "2416"]
[BlackElo "2594"]
[PlyCount "112"]
[EventDate "2003.??.??"]

1. d4 d5 2. c4 dxc4 3. Nf3 e6 4. e3 a6 5. Bxc4 c5 6. O-O Nf6 7. Qe2 b5 8. Bb3
Bb7 9. Rd1 Nbd7 10. Nc3 Qb8 11. d5 Nxd5 12. Bxd5 Bxd5 13. Nxd5 exd5 14. Rxd5
Be7 15. e4 Nb6 16. Rd1 O-O 17. e5 Qc8 18. Qc2 h6 19. b3 Qe6 20. a4 Rfd8 21.
axb5 axb5 22. Bb2 Rxd1+ 23. Qxd1 Rd8 24. Qc2 Qd5 25. h3 Qd3 26. Rc1 Qxc2 27.
Rxc2 Rd3 28. Nd2 Nd5 29. Ne4 Nb4 30. Rc3 Rd1+ 31. Kh2 Nd3 32. Rc2 Rb1 33. Rd2
Nxb2 34. Nc3 Bg5 35. Nxb1 Bxd2 36. Nxd2 c4 37. bxc4 Nxc4 38. Nb3 Nxe5 39. Kg3
f6 40. Kf4 Kf7 41. Ke4 b4 42. f4 Ng6 43. g3 Ne7 44. Nd4 g6 45. g4 f5+ 46. Kd3
fxg4 47. hxg4 Nd5 48. Ke4 Nf6+ 49. Kf3 h5 50. gxh5 gxh5 51. Kg3 Nd5 52. Kf3 Kf6
53. Nb3 Ne7 54. Ke4 h4 55. Nd4 h3 56. Nf3 b3 0-1

[Event "BL 0203 SG Köln Porz - SV Wattenscheid"]
[Site "?"]
[Date "2003.03.15"]
[Round "13.8"]
[White "Kengis, Edwin"]
[Black "Straeter, Timo"]
[Result "1-0"]
[WhiteElo "2570"]
[BlackElo "2329"]
[PlyCount "47"]
[EventDate "2003.??.??"]

1. Nf3 g6 2. e4 Bg7 3. d4 c6 4. Nc3 d5 5. h3 dxe4 6. Nxe4 Nd7 7. Bd3 Ngf6 8.
Nxf6+ Nxf6 9. O-O O-O 10. Re1 Qc7 11. Qe2 Re8 12. Ne5 Be6 13. Bf4 Qc8 14. c4
Bf5 15. Rad1 Bxd3 16. Rxd3 Qf5 17. Bd2 Rad8 18. Ba5 b6 19. Bc3 Rd6 20. g4 Qc8
21. Qf3 Rf8 22. d5 cxd5 23. cxd5 Qb7 24. Bb4 1-0

[Event "BL 0203 Godesberger SK - Solinger SG"]
[Site "?"]
[Date "2003.03.15"]
[Round "13.1"]
[White "Piket, Jeroen"]
[Black "Breder, Dennis"]
[Result "1/2-1/2"]
[WhiteElo "2646"]
[BlackElo "2440"]
[PlyCount "90"]
[EventDate "2003.??.??"]

1. d4 Nf6 2. c4 e6 3. Nf3 b6 4. e3 Bb7 5. Bd3 d5 6. O-O Be7 7. b3 O-O 8. Bb2 c5
9. Nbd2 cxd4 10. exd4 Ne4 11. Qe2 Nxd2 12. Nxd2 Bf6 13. Nf3 Nd7 14. Rad1 Qc7
15. Rfe1 Rac8 16. Ne5 dxc4 17. Bxc4 Nxe5 18. dxe5 Be7 19. Qg4 Rfd8 20. Rd6 b5
21. Bd3 Qa5 22. Ra1 Bf8 23. h3 g6 24. Qg5 b4 25. Qf4 Bg7 26. Rxd8+ Rxd8 27. Bc4
Bd5 28. Bf1 Rc8 29. a3 bxa3 30. Rxa3 Qc7 31. b4 Bf8 32. Bd4 Qc1 33. Qg3 Qd1 34.
Rd3 Qe1 35. Bc3 Qb1 36. Rxd5 exd5 37. e6 Qf5 38. exf7+ Qxf7 39. Bd4 Bg7 40. Bc5
Bf8 41. Bd4 Rc1 42. Qe3 Rc7 43. g3 Bg7 44. Bc5 Bf6 45. Bb5 Be7 1/2-1/2

[Event "BL 0203 Godesberger SK - Solinger SG"]
[Site "?"]
[Date "2003.03.15"]
[Round "13.2"]
[White "Sprenger, Jan-Michael"]
[Black "Kasimdzhanov, Rustam"]
[Result "1-0"]
[WhiteElo "2430"]
[BlackElo "2653"]
[PlyCount "73"]
[EventDate "2003.??.??"]

1. e4 c5 2. Nf3 Nc6 3. Bb5 g6 4. Bxc6 dxc6 5. d3 Bg7 6. h3 Nf6 7. Nc3 Nd7 8.
O-O Nf8 9. Be3 Ne6 10. Qd2 h6 11. Na4 b6 12. c3 O-O 13. d4 Kh7 14. b4 cxd4 15.
cxd4 Bb7 16. Nc3 f5 17. exf5 Rxf5 18. Rad1 Rxf3 19. gxf3 Qf8 20. f4 Rd8 21. Qc2
Nxf4 22. Bxf4 Qxf4 23. Qe4 Qf7 24. Rfe1 Bf6 25. Qf4 Rf8 26. Ne4 Bg7 27. Qxf7
Rxf7 28. Ng3 Bc8 29. h4 Bg4 30. Rd3 Kg8 31. d5 cxd5 32. Rxd5 Bf6 33. h5 gxh5
34. Nxh5 Bc8 35. Re3 Bh4 36. Rc3 Bf6 37. Rd7 1-0

[Event "BL 0203 Godesberger SK - Solinger SG"]
[Site "?"]
[Date "2003.03.15"]
[Round "13.3"]
[White "Jussupow, Artur"]
[Black "Langheinrich, Ferenc"]
[Result "1/2-1/2"]
[WhiteElo "2622"]
[BlackElo "2363"]
[PlyCount "82"]
[EventDate "2003.??.??"]

1. d4 Nf6 2. c4 g6 3. Nf3 Bg7 4. g3 O-O 5. Bg2 d6 6. O-O Nc6 7. d5 Na5 8. Nbd2
c5 9. Ne1 e6 10. Nc2 b5 11. dxe6 Bxe6 12. cxb5 Rb8 13. Na3 d5 14. Qa4 a6 15.
bxa6 Bd7 16. Qc2 Qb6 17. Nb3 c4 18. Nxa5 Qxa5 19. Bd2 Qxa6 20. Bc3 Bf5 21. Qd2
Rfd8 22. Rfd1 d4 23. Bxd4 Ne4 24. Qe3 Rxd4 25. Rxd4 Bxd4 26. Qxd4 c3 27. Bxe4
cxb2 28. Rb1 Qxa3 29. Bxf5 gxf5 30. Qe5 Rb4 31. Qxf5 Qxa2 32. Qg5+ Kf8 33. Qd8+
Kg7 34. Qg5+ Kf8 35. Qc5+ Kg8 36. Qc8+ Kg7 37. Qc3+ f6 38. Qc7+ Kg6 39. Qc2+
Kg7 40. Qc7+ Kg6 41. Qc2+ Kg7 1/2-1/2

[Event "BL 0203 Godesberger SK - Solinger SG"]
[Site "?"]
[Date "2003.03.15"]
[Round "13.4"]
[White "Seger, Ruediger"]
[Black "Sadler, Matthew"]
[Result "0-1"]
[WhiteElo "2406"]
[BlackElo "2624"]
[PlyCount "66"]
[EventDate "2003.??.??"]

1. e4 c5 2. c3 Nf6 3. e5 Nd5 4. d4 cxd4 5. Nf3 Nb6 6. cxd4 g6 7. Nc3 Bg7 8. Bf4
O-O 9. Be2 d6 10. exd6 exd6 11. O-O Bg4 12. h3 Bxf3 13. Bxf3 Nc6 14. Bxc6 bxc6
15. Qf3 d5 16. Rfd1 Re8 17. Rac1 Re6 18. Rc2 Qf6 19. b3 Rae8 20. Rcc1 g5 21.
Bc7 Qxf3 22. gxf3 Nc8 23. Kf1 Ne7 24. Rc2 Nf5 25. Ne2 Rh6 26. Bg3 Rxh3 27. Rd3
Rh1+ 28. Kg2 Re1 29. Rdd2 h5 30. Kh3 Kh7 31. Kh2 Re6 32. Bb8 Nh4 33. Kg3 R6xe2
0-1

[Event "BL 0203 Godesberger SK - Solinger SG"]
[Site "?"]
[Date "2003.03.15"]
[Round "13.5"]
[White "Naumann, Alexander"]
[Black "Jackelen, Thomas"]
[Result "1/2-1/2"]
[WhiteElo "2513"]
[BlackElo "2415"]
[PlyCount "90"]
[EventDate "2003.??.??"]

1. Nf3 Nf6 2. c4 c6 3. Nc3 d5 4. d4 a6 5. c5 Nbd7 6. Bf4 Nh5 7. e3 g6 8. Bd3
Bg7 9. O-O O-O 10. Bg5 Re8 11. e4 dxe4 12. Bxe4 Ndf6 13. Bc2 Be6 14. Re1 Nd5
15. Qd2 Qc7 16. Bh6 Rad8 17. Bxg7 Nxg7 18. Qh6 f6 19. Qd2 Kh8 20. h3 Bf7 21.
Ne4 Rd7 22. b4 Qf4 23. Qxf4 Nxf4 24. g3 Nd5 25. Bb3 Kg8 26. a3 Red8 27. Rad1
Nc7 28. Bxf7+ Kxf7 29. g4 Nb5 30. a4 Nc7 31. Ned2 Nd5 32. b5 axb5 33. axb5 cxb5
34. Rb1 b4 35. Nc4 Ra8 36. Ne3 Ra3 37. Nxd5 Rxf3 38. Nxb4 Rxd4 39. c6 bxc6 40.
Rxe7+ Kxe7 41. Nxc6+ Kd6 42. Nxd4 Rxh3 43. Rb7 Ne8 44. Kg2 Rd3 45. Nb5+ Ke6
1/2-1/2

[Event "BL 0203 Godesberger SK - Solinger SG"]
[Site "?"]
[Date "2003.03.15"]
[Round "13.6"]
[White "Heinbuch, Detlef"]
[Black "Sandipan, Chanda"]
[Result "0-1"]
[WhiteElo "2365"]
[BlackElo "2510"]
[PlyCount "72"]
[EventDate "2003.??.??"]

1. c4 e6 2. Nf3 d5 3. g3 Nf6 4. Bg2 Be7 5. O-O O-O 6. b3 c5 7. Bb2 Nc6 8. cxd5
Nxd5 9. d3 Bf6 10. Qd2 Bxb2 11. Qxb2 Qf6 12. Qxf6 gxf6 13. Rc1 b6 14. Nc3 Nxc3
15. Rxc3 Bb7 16. Rac1 Nb4 17. Ra1 a5 18. a3 Nc6 19. Kf1 Rab8 20. Nd2 Nd4 21.
Bxb7 Rxb7 22. Nc4 Rd8 23. Nb2 b5 24. Ra2 b4 25. Rxc5 Nxb3 26. Rc2 Nd4 27. Rc5
b3 28. Ra1 Nc2 29. Rc1 a4 30. Nc4 Rd4 31. Nb2 Nxa3 32. Ra5 Nc2 33. e3 Rdb4 34.
Ke2 a3 35. Nc4 a2 36. Kd2 b2 0-1

[Event "BL 0203 Godesberger SK - Solinger SG"]
[Site "?"]
[Date "2003.03.15"]
[Round "13.7"]
[White "Stellwagen, Daniel"]
[Black "Schmidt, Bodo"]
[Result "1/2-1/2"]
[WhiteElo "2426"]
[BlackElo "2360"]
[PlyCount "117"]
[EventDate "2003.??.??"]

1. e4 e6 2. d4 d5 3. Nd2 Be7 4. Ngf3 Nf6 5. e5 Nfd7 6. Bd3 c5 7. c3 cxd4 8.
cxd4 b6 9. O-O Ba6 10. Ne1 Bxd3 11. Nxd3 Nc6 12. Qg4 Kf8 13. Nf3 h5 14. Qg3 g6
15. Bd2 Rc8 16. Rac1 a5 17. a4 Kg7 18. h4 Ndb8 19. Rc2 Nb4 20. Nxb4 axb4 21.
Rxc8 Qxc8 22. Bg5 Bxg5 23. Qxg5 Qd8 24. Qxd8 Rxd8 25. Rc1 Rd7 26. Ne1 Ra7 27.
b3 b5 28. axb5 Rb7 29. Nd3 Rxb5 30. Rc7 Rb6 31. Nc5 Na6 32. Nxa6 Rxa6 33. Rb7
Ra1+ 34. Kh2 Rd1 35. Rxb4 g5 36. hxg5 Kg6 37. Kg3 Kxg5 38. Kf3 Re1 39. Rb7 Kg6
40. Rb4 Kg5 41. g3 Kf5 42. Rb7 Kg6 43. Ra7 Re4 44. Ra4 f6 45. exf6 Kxf6 46. Kg2
Re1 47. Rb4 Rd1 48. Kf3 Re1 49. Rb8 Kg5 50. b4 Re4 51. b5 Rxd4 52. b6 Rb4 53.
Ke3 Kf5 54. f4 d4+ 55. Kd3 Kg4 56. b7 Kf3 57. Rh8 Rxb7 58. Rxh5 Kxg3 59. Re5
1/2-1/2

[Event "BL 0203 Godesberger SK - Solinger SG"]
[Site "?"]
[Date "2003.03.15"]
[Round "13.8"]
[White "Philipowski, Robert"]
[Black "Werle, Jan"]
[Result "0-1"]
[WhiteElo "2299"]
[BlackElo "2434"]
[PlyCount "80"]
[EventDate "2003.??.??"]

1. e4 c5 2. Nf3 d6 3. d4 cxd4 4. Qxd4 Nc6 5. Bb5 Bd7 6. Bxc6 Bxc6 7. Nc3 Nf6 8.
Bg5 e6 9. O-O-O Be7 10. Rhe1 O-O 11. Qd2 Rc8 12. Nd4 a6 13. f4 Qc7 14. f5 Bd7
15. g4 b5 16. a3 Qc4 17. Bh4 Bd8 18. g5 Ng4 19. Nb3 Bc7 20. Qg2 Ne5 21. Bg3
Rcd8 22. Bxe5 dxe5 23. Rd3 Bc8 24. Rh3 exf5 25. Nd5 Rxd5 26. exd5 e4 27. Rd1
Be5 28. d6 Bd7 29. Kb1 Rc8 30. Na5 Qc5 31. Nb3 Qc6 32. Qe2 f4 33. Rh4 e3 34.
Qd3 g6 35. Rc1 Bf5 36. Nd4 Bxd3 37. Nxc6 Rxc6 38. cxd3 Rxd6 39. Kc2 Rc6+ 40.
Kd1 e2+ 0-1

[Event "BL 0203 SC Baden Oos - Hamburger SK"]
[Site "?"]
[Date "2003.03.09"]
[Round "13.1"]
[White "Ftacnik, Lubomir"]
[Black "Svidler, Peter"]
[Result "1/2-1/2"]
[WhiteElo "2603"]
[BlackElo "2690"]
[PlyCount "38"]
[EventDate "2003.??.??"]

1. d4 Nf6 2. Nf3 g6 3. c4 Bg7 4. Nc3 d5 5. Bf4 O-O 6. Rc1 dxc4 7. e3 Nbd7 8.
Bxc4 c5 9. O-O cxd4 10. exd4 a6 11. Re1 Nb6 12. Bb3 Nbd5 13. Bg5 Be6 14. Ne5
Qd6 15. Qf3 Rad8 16. h3 Nxc3 17. bxc3 Bd5 18. Qe2 Bxb3 19. axb3 Rfe8 1/2-1/2

[Event "BL 0203 SC Baden Oos - Hamburger SK"]
[Site "?"]
[Date "2003.03.09"]
[Round "13.5"]
[White "Wahls, Matthias"]
[Black "Doettling, Fabian"]
[Result "1/2-1/2"]
[WhiteElo "2539"]
[BlackElo "2539"]
[PlyCount "106"]
[EventDate "2003.??.??"]

1. e4 c6 2. c4 d5 3. exd5 cxd5 4. cxd5 Nf6 5. Nc3 Nxd5 6. Nf3 e6 7. Bc4 Be7 8.
O-O O-O 9. d4 Nc6 10. Re1 Bf6 11. Ne4 h6 12. a3 b6 13. Qd3 Bb7 14. Ba2 Nce7 15.
Bb1 Ng6 16. Ne5 Bxe5 17. dxe5 Rc8 18. Nd6 Rxc1 19. Rxc1 Ndf4 20. Nxb7 Nxd3 21.
Nxd8 Nxc1 22. Nxe6 Rc8 23. Bf5 Rc4 24. Bxg6 fxg6 25. g3 Kf7 26. Nf4 g5 27. Nd5
Ke6 28. Ne3 Rc8 29. a4 Kxe5 30. Ra3 Ke4 31. Kg2 Nd3 32. a5 b5 33. a6 Rc5 34.
Nd1 b4 35. Ra4 Rc2 36. Nc3+ Ke5 37. Ra5+ Ke6 38. Nb5 Rxf2+ 39. Kg1 Rf7 40. Nd4+
Kd6 41. Rb5 Rd7 42. b3 Kc7 43. Nc2 Kc6 44. Rb8 Kc5 45. Rb7 Ne5 46. Nxb4 Rd2 47.
h3 Rb2 48. Rxa7 Kxb4 49. Rb7+ Kc5 50. b4+ Kd6 51. a7 Ra2 52. b5 Nc4 53. b6 Kc6
1/2-1/2

[Event "BL 0203 SC Baden Oos - Hamburger SK"]
[Site "?"]
[Date "2003.03.09"]
[Round "13.6"]
[White "Schenk, Andreas"]
[Black "Mueller, Karsten"]
[Result "1/2-1/2"]
[WhiteElo "2479"]
[BlackElo "2518"]
[PlyCount "31"]
[EventDate "2003.??.??"]

1. d4 d5 2. c4 c6 3. Nf3 Nf6 4. Nc3 a6 5. cxd5 cxd5 6. Bf4 e6 7. e3 Bd6 8. Bxd6
Qxd6 9. Bd3 Nc6 10. Rc1 O-O 11. O-O Bd7 12. Na4 Nb4 13. Bb1 Rfc8 14. Qb3 Bxa4
15. Qxa4 Nd7 16. Qa3 1/2-1/2

[Event "BL 0203 SC Baden Oos - Hamburger SK"]
[Site "?"]
[Date "2003.03.09"]
[Round "13.7"]
[White "Bezold, Michael"]
[Black "Schlosser, Philipp"]
[Result "1/2-1/2"]
[WhiteElo "2468"]
[BlackElo "2534"]
[PlyCount "30"]
[EventDate "2003.??.??"]

1. c4 e6 2. Nf3 d5 3. b3 Nf6 4. Bb2 Be7 5. e3 O-O 6. Be2 c5 7. O-O Nc6 8. cxd5
Nxd5 9. Nc3 b6 10. Rc1 Bb7 11. Qc2 Rc8 12. Qb1 Bf6 13. Rfd1 Nxc3 14. Bxc3 Bxc3
15. dxc3 Qe7 1/2-1/2